| Tag |
First Indicator |
Second Indicator |
Subfields |
| LEADER |
00000cam a2200000 4500 |
| 001 |
in00000030803 |
| 005 |
20151007063031.0 |
| 008 |
731025s1940 pauc b 00010beng u |
| 010 |
|
|
|a 40005024
|
| 035 |
|
|
|a (OCoLC)00727738
|
| 035 |
|
|
|9 AAD6394AM
|
| 040 |
|
|
|c KSU
|d TXA
|d UtOrBLW
|
| 049 |
|
|
|a TXAM
|c [235119]
|
| 050 |
0 |
0 |
|a PS1946
|b .P4
|
| 092 |
|
|
|a 820
|b H735Yp
|
| 100 |
1 |
|
|a Peckham, Harry Houston.
|
| 245 |
1 |
0 |
|a Josiah Gilbert Holland in relation to his times /
|c by Harry Houston Peckham.
|
| 264 |
|
1 |
|a Philadelphia :
|b University of Pennsylvania press;
|a London :
|b H. Milford, Oxford university press,
|c 1940.
|
| 300 |
|
|
|a ix, 220 pages :
|b frontispiece (portrait) ;
|c 24 cm.
|
| 336 |
|
|
|a text
|b txt
|2 rdacontent
|
| 337 |
|
|
|a unmediated
|b n
|2 rdamedia
|
| 338 |
|
|
|a volume
|b nc
|2 rdacarrier
|
| 504 |
|
|
|a Bibliography: pages 208-214.
|
| 600 |
1 |
0 |
|a Holland, J. G.
|q (Josiah Gilbert),
|d 1819-1881.
|
| 999 |
|
|
|a MARS
|
| 999 |
f |
f |
|s 5b3acfe8-1d2c-3c28-9b5b-0f08654fdea6
|i 7467ab41-bbde-3e0b-81b9-f099bfe39eb5
|t 0
|
| 952 |
f |
f |
|p ric
|a Texas A&M University
|b Rellis Campus
|c Joint Library Facility
|d Remote Storage
|t 0
|e PS1946 .P4
|h Library of Congress classification
|i unmediated -- volume
|m A14801266452
|
| 998 |
f |
f |
|a PS1946 .P4
|t 0
|l Remote Storage
|